Animals that start with O by picture - Statistics

General Stats
  • This quiz has been taken 116 times
  • The average score is 10 of 13
Answer Stats
Picture Answer % Correct
octopus
96%
owl
96%
orca
94%
ostrich
93%
orangutan
92%
oyster
89%
otter
86%
ocelot
76%
opossum
73%
ox
73%
osprey
56%
oryx
42%
oriole
39%
No matching quizzes found
Score Distribution
Percent of People with Each Score
Percentile by Number Answered
Your Score History
You have not taken this quiz